Revista de Direito Econm̥ico e Socioambiental

Detalles Bibliográficos
Formato: eBook
Lenguaje:portugués
Publicado: Paran:̀ Universidade Federal do Paran ̀e Pontifc̕ia Universidade Catl̤ica do Paran,̀ 2010 -
Materias:
Acceso en línea:Acceso restringido

MARC

LEADER 00000nam a22000007a 4500
005 20220204230414.0
007 cr|||| ||||
008 220204c20109999br tr|w s|||| 0|||b1por d
022 |a 2179-8214 
035 |a 35766 
040 |a vLex 
090 |c 12911  |d 12911 
245 0 0 |a Revista de Direito Econm̥ico e Socioambiental  |h [Recurso electrn̤ico] / 
256 |a Servicio en ln̕ea 
260 |a Paran:̀  |b Universidade Federal do Paran ̀e Pontifc̕ia Universidade Catl̤ica do Paran,̀  |c 2010 - 
300 |a 1 recurso electrn̤ico 
310 |a Cuatrimestral 
362 |a Nð 1-1 (Ene. 2010) - 
506 1 |a Disponible solo en los productos indicados  |d vLex Global  |d vLex Global (Academic Edition, excluding Law Schools)  |d vLex Global (U.S. Academic Edition, Law Schools)  |d vLex Global (U.S. Academic Edition, excluding Law Schools)  |d vLex Global (Academic Edition, Law Schools) 
650 0 4 |a Derecho Pb︢lico y Administrativo  |z Brasil 
740 0 |a vLex Revistas (Servicio en ln̕ea) 
856 4 0 |u https://app.vlex.com/#/sources/35766  |z Acceso restringido 
942 |c REV 
999 0 |a Public and Administrative Law